Statistiques concernant Disneyland Paris et parcs Disney

Cliquez ici pour prendre le quiz!

Statistiques générales

  • Ce quiz a été pris 388 fois
    (375 depuis la dernière actualisation)
  • Le résultat moyen est 45 sur 100

Statistiques - réponses

ThemeQuestionRéponse% Correct
Disney WorldNombre de parcs aquatiques de Disney World2
97%
Disneyland ParisAnnée d'ouverture de Disneyland Paris1992
95%
Disneyland ParisPersonnage représenté sur l'horloge de l'entrée du parcMickey Mouse
91%
Disneyland ParisNombre de types de pass annuels de Disneyland Paris4
90%
Disneyland ParisNombre d'hotels à Disneyland Paris7
90%
En généralNombre de parcs Disney dans le monde6
89%
Disneyland ParisAnnée d'ouverture du parc Walt Disney Studios à Disneyland Paris2002
88%
Disneyland ParisAncien nom de Disneyland ParisEuro Disney
87%
Disneyland ParisPrincesse à qui appartient le chateau de Disneyland ParisAurore
86%
Disneyland ParisNom du land où l'on trouve Autopia à Disneyland ParisDiscoveryland
86%
Disneyland ParisVille où est situé Disneyland ParisMarne la Vallée
83%
Disneyland ParisAnimal se trouvant sous le chateauDragon
78%
Disneyland ParisAncien nom du système coupe file de Disneyland ParisFastpass
76%
Disneyland ParisTaille minimum pour faire Indiana Jones et le temple du péril (en cm)140
75%
En généralAttraction à sensations mythique des parcs Disney qui nous envoie dans l'espaceSpace Mountain
75%
Disneyland ParisNom de la zone commerciale dédiée à Disneyland ParisDisney Village
74%
Disneyland ParisLand contenant le plus d'attractions à Disneyland ParisFantasyland
73%
Disneyland ParisNom de l'attraction Nemo à Disneyland ParisCrush's Coaster
72%
Disneyland ParisEcrivain français dont les visuels ont inspiré DiscoverylandJules Verne
71%
En généralNom du land où se trouve Pirates des caraïbes dans les parcs DisneyAdventureland
68%
Disneyland ParisNom complet de l'attraction Indiana JonesIndiana Jones et le temple du péril
68%
En généralVéritable nom du train de la mine DisneyBig Thunder Mountain
67%
En généralPersonnage que l'on voit avec C3PO dans la file d'attente de Star ToursR2D2
67%
Disneyland ParisNom de l'hotel thématisé sur Cars à ParisSanta Fe
67%
Disneyland ParisNom de la maison hantée de Disneyland ParisPhantom Manor
66%
Disneyland ParisScore maximum dans l'attraction Buzz l'éclair à Disneyland Paris999999
65%
En généralNom donné au personnel et travailleurs des Parcs DisneyCast Members
64%
Disney WorldCapitale européenne qui fait la même superficie que Walt Disney World à quelques km² prèsParis
61%
Disneyland ParisAttraction la plus récente de Disneyland Paris à ce jourSpiderman Web Adventure
60%
Disneyland ParisGroupe de rock jouant au sein de l'attraction disparue : Rock'n Roller CoasterAerosmith
59%
Disneyland ParisNom de la zone dédiée à Toy Story au Walt Disney Studios de ParisToy Story Playland
58%
Disneyland ParisNom du pass annuel le plus prestigieux à Disneyland ParisInfinity
57%
En généralNom de l'attraction iconique Disney représentant les pays du mondes lors d'une croisière accompagnée d'une musique entetanteIt's a small world
56%
Disneyland ParisAncien nom de l'actuel hôtel thématisé sur les super héros MarvelNew York
53%
En généralPlus gros concurrent de Disney dans le cinéma et les parcs à thèmesUniversal
53%
Disneyland ResortCréateur du premier Disneyland et de l'entreprise DisneyWalt Disney
53%
Disneyland ParisRestaurant de la zone RatatouilleBistrot Chez Rémy
52%
En généralSeconde ville chinoise avec Shanghai, qui accueille un parc DineyHong Kong
52%
Disneyland ParisAttraction ayant le plus long temps d'attente moyen dans le Disneyland Park de ParisPeter Pan Flight
52%
Disneyland ParisNom de la plus grande boutique de Disneyland Paris, située sur Main StreetEmporium
51%
Disneyland ParisNom complet de l'hôtel NewportNewport Bay Club
51%
Disney WorldVille américaine où se trouve Walt Disney WorldOrlando
51%
Disneyland ParisNom du restaurant dédié à l'univers d'Aladdin à Disneyland ParisAgrabah Café
50%
En généralNom du land dédié aux super héros Marvel dans les parcs DisneyAvengers Campus
50%
Disney WorldPrincesse à qui appartient le chateau de Disney WorldCendrillon
50%
Disneyland ParisAnimaux en or présents sur l'une des tourelles du chateauEscargot
48%
En généralForme des cibles rapportant le plus de points à Buzz l'éclairTriangle
48%
En généralNom donné aux ingénieurs et travailleurs qui conçoivent les parcs DisneyImagineers
47%
Disney WorldNombre d'hôtels Disney à Walt Disney World21
46%
Disney WorldParc dédié à la nature à Walt Disney WorldAnimal Kingdom
44%
Disney WorldParc basé sur les innovations et les cultures du monde à Disney WorldEpcot
44%
Disneyland ParisNom de la famille possédant la mine et le manoir de FrontierlandRavenswood
44%
Disney WorldAnnée d'ouverture de Disney World1971
42%
Disneyland ParisUnique restaurant de Discoveryland, dont le symbole est un ballon dirigeableCafé Hyperion
42%
Disneyland ParisAncien restaurant de Discoveryland basé sur Toy StoryPizza Planet
42%
En généralCélèbre attraction des parcs Disney où un skipper nous conduit lors d'une croisière dans la jungle d'AdventurelandJungle Cruise
40%
Disneyland ResortAnnée d'ouverture du premier Disneyland1955
39%
Disneyland ParisNom de la ville de FrontierlandThunder Mesa
39%
Disneyland ResortSaga Marvel sur laquelle le Hollywood Tower Hotel de Californie a été rethématiséeLes gardiens de la galaxie
38%
Disney WorldPremier parc de Walt Disney WorldMagic Kingdom
38%
Disneyland ParisHauteur du chateau de Disneyland Paris (en m)23
37%
Disneyland ParisHauteur de l'attraction Toy Soldiers Parachute Drop (en m)27
37%
Disneyland ResortNom de la maison hantée de Disneyland ResortHaunted Mansion
36%
Tokyo DisneylandNom du deuxième parc de Tokyo DisneylandDisney Sea
35%
Disneyland ParisRestaurant de type saloon où était joués divers spectacles dont marionnettesLucky Nuggets
35%
Disneyland ParisHauteur du Hollywood Tower Hotel (en m)66
34%
En généralPrésident américain représenté en un animatronic bluffant lors de la foire internationale de New York en 1965Abraham Lincoln
34%
Tokyo DisneylandAnnée d'ouverture de Tokyo Disneyland1983
33%
Disneyland ResortQuartier de Los Angeles où se trouve Disneyland Resort, le 1er DisneylandAnaheim
33%
En généralNom du train à vapeur faisant le tour des parcs DisneyRailroad
33%
En généralAttraction mythique des parcs Disney qui nous emmène à la rencontre des personnages de Mélodie du sud à l'intérieur d'une bûcheSplash Mountain
33%
Disneyland ParisNouveau nom du système coupe file de Disneyland ParisPremier Access
32%
En généralNom donné aux objets formants une tête de Mickey dans les parcsHidden Mickey
31%
Disney WorldNom du land AvatarPandora
27%
En généralNom du land dédié à Star Wars dans les parcs DisneyStar Wars Galaxy's Edge
27%
Disneyland ParisRestaurant reprenant les visuels du classique Disney : Le crapaud et le maitre d'écoleToad Hall
27%
Disneyland ParisNom complet du spectacle du Roi LionLe roi lion et les rythmes de la terre
25%
En généralParc Disney où le château est le plus hautShanghai Disney Resort
21%
En généralAttraction Star Wars considérée comme la meilleure attraction Disney, ouverte pour la 1ère fois en Californie en 2019Rise of the Resistance
19%
Disney WorldNom du restaurant très convoité thématisé sur la Belle et la BêteBe our guest
15%
En généralNouveau système de coupe-file dans les parcs américains, formule entièrement en ligneGénie +
15%
Disney WorldAttraction de Disney World ayant remporté plusieurs fois le titre de meilleure attraction du mondeAvatar Flight of Passage
14%
Disney WorldConcessionnaire américain qui sponsorise l'attraction Test Track à EpcotChevrolet
13%
Disney WorldNom de la zone commerciale disney de Disney WorldDisney Springs
13%
En généralVille d'enfance de Walt Disney, reflet de Main StreetMarceline
10%
Disney WorldLand d'Animal Kingdom où l'on trouve l'attraction Kilimandjaro SafariAfrica
8%
En généralNom de la zone dédiée à Mickey et ses amis Toons dans les parcs DisneyMickey's Toon Town
8%
Disneyland ResortLand exclusif du parc DisneylandNew Orleans Square
8%
Disney WorldNom du téléphérique de Walt Disney WorldDisney Skyliner
7%
Disney WorldLand exclusif du parc principal de Disney WorldLiberty Square
7%
Disneyland ResortPremière attraction à contenir des audio-animatronics, ouverte en 1963, et conçue par Walt DisneyThe Enchanted Tiki Room
7%
Disneyland ParisActuel vice président de la Walt Disney Imagineering qui a supervisé la conception de Disneyland ParisTony Baxter
6%
Tokyo DisneylandNom de Frontierland au JaponWesternland
6%
En généralNom de la file d'attente rapide dans les parcs américainsLightning Lane
5%
Disney WorldSignification de l'acronyme EPCOTExperimental Prototype Community of Tomorrow
4%
Tokyo DisneylandNom de la rue qui remplace la traditionnelle Main StreetWorld Bazaar
4%
Disneyland ResortPremière montagne russe DisneyMatterhorn Bobsleds
3%
Disneyland ResortType de terres sur lequel le parc Disneyland a été construitOrangeraie
3%
Tokyo DisneylandEntreprise qui a aidé Disney à construire Tokyo DisneylandOriental Land Company
3%
Disneyland ResortNom qu'aurait du porter le premier DisneylandMickey Mouse Park
1%

Distribution des résultats

Percentile par nombre de réponses

% des personnes avec chaque résultat

Votre développement - résultats

Vous n’avez pas pris ce quiz depuis la dernière actualisation